000 00773nam a2200217Ia 4500
003 GCL
008 140319s9999 xx 000 0 ara d
040 _aGCL /
_cGCL
082 0 4 _aق
_b962.4
_bع م
100 1 _aعبدالفتاح ابوالفضل
245 1 0 _aمصر والسودان بين الوئام والخصام /
_cعبدالفتاح ابوالفضل
300 _a331 ص
490 _aكتاب الحرية
_v0
650 0 4 _aالجغرافيا البشرية
650 0 4 _aالحدود السياسية
650 0 4 _aالحكم المصرى البريطانى
650 0 4 _aالثورة المهدية ( 1899-1882 )
650 0 4 _aالقبائل السودانية
650 0 4 _aالسودان - تاريخ - العصر الحديث
942 _2ddc
_cBK
999 _c37846
_d37846